| 000 | 01863nam a2200409 a 4500 | ||
|---|---|---|---|
| 001 | ebr10503042 | ||
| 003 | CaPaEBR | ||
| 006 | m u | ||
| 007 | cr cn||||||||| | ||
| 008 | 110614s2011 enkad sb 001 0 eng d | ||
| 010 | _z 2011022847 | ||
| 020 | _z9780470661567 (cloth) | ||
| 020 | _z9780470661574 (paper) | ||
| 020 | _z9781119976653 (e-book) | ||
| 040 |
_aCaPaEBR _cCaPaEBR |
||
| 035 | _a(OCoLC)761319835 | ||
| 043 | _ae-uk--- | ||
| 050 | 1 | 4 |
_aQH315 _b.E33 2011eb |
| 082 | 0 | 4 |
_a570.71/1 _223 |
| 245 | 0 | 0 |
_aEffective learning in the life sciences _h[electronic resource] : _bhow students can achieve their full potential / _cedited by David J. Adams. |
| 260 |
_aChichester, West Sussex ; _aHoboken, N.J. : _bJohn Wiley & Sons, _c2011. |
||
| 300 |
_axx, 267 p. : _bill. |
||
| 504 | _aIncludes bibliographical references and index. | ||
| 520 | 2 | _a"Draws on experience from a major project conducted by the Centre for Bioscience, with a wide range of collaborators, designed to identify and implement creative teaching in bioscience laboratories and field settings"--Provided by publisher. | |
| 533 |
_aElectronic reproduction. _bPalo Alto, Calif. : _cebrary, _d2011. _nAvailable via World Wide Web. _nAccess may be limited to ebrary affiliated libraries. |
||
| 650 | 0 |
_aLife sciences _xStudy and teaching (Higher) |
|
| 650 | 0 |
_aLife sciences _xStudy and teaching (Higher) _zGreat Britain. |
|
| 650 | 0 | _aCreative teaching. | |
| 650 | 0 | _aBiological laboratories. | |
| 650 | 0 |
_aLife sciences _xResearch. |
|
| 650 | 0 |
_aLife sciences _xFieldwork. |
|
| 655 | 7 |
_aElectronic books. _2local |
|
| 700 | 1 |
_aAdams, David J. _q(David James) |
|
| 710 | 2 | _aUK Centre for Bioscience. | |
| 710 | 2 | _aebrary, Inc. | |
| 856 | 4 | 0 |
_uhttp://site.ebrary.com/lib/rucke/Doc?id=10503042 _zAn electronic book accessible through the World Wide Web; click to view |
| 999 |
_c215308 _d215308 |
||